=LDR 00000nam 2200000 4500 =001 INLIS000000000007478 =005 20130612095454 =008 ***********************************Ind** =035 ##$$0010-061300000007478 =041 ##$$a Ind =082 ##$$a 2x4.222 =090 ##$$a 2x4.222, Sou r =100 ##$$a Sou'yb, Yusuf =245 ##$$a Riba rente bank dan masalah aurat wanita, Yoesoef, Souyeb =260 ##$$a 1987 $b Jakarta =300 ##$$a 207 hlm., 21 cm =650 ##$$a Islam-Riba